| 000 | 00618nam a2200145Ia 4500 | ||
|---|---|---|---|
| 008 | 150609s9999 xx 000 0 und d | ||
| 050 |
_aLB 1065 _b.G146 2015 |
||
| 100 | _aGalang, Dwight Kriztoff Q. | ||
| 245 |
_aLevels of self-motivation and academic performance of selected college students of southville international school and colleges / _cDwight Kristoff Q. Galang. |
||
| 260 |
_aLas Piñas, Philippines : _bSISC, _c2015. |
||
| 300 |
_a51 pages : _billustrations ; _c28 cm. |
||
| 500 | _aIncludes bibliographical references and appendices. | ||
| 650 | _aAcademic achievement | ||
| 650 | _aMotivation in education | ||
| 999 |
_c285082 _d285082 |
||